000
00276nam a22001217a 4500
008
180216b xxu||||| |||| 00| 0 eng d
041
_a
eng
080
_a
61
100
_a
4
101
_a
SHM
245
_a
The medical clinics of north america
_c
Saunders,W.B
942
_2
udc
_c
BK
999
_c
42731
_d
42731